Společné podnikání se zahraničním partnerem

Salvato in:
Dettagli Bibliografici
Autore principale: Vodáček, Leo
Altri autori: Vodačkova, Ol'ga
Natura: Libro
Lingua:ceco
Pubblicazione: Praha Management Press 1992
Edizione:1. vyd.
Soggetti:
Tags: Aggiungi Tag
Nessun Tag, puoi essere il primo ad aggiungerne!!

MARC

LEADER 00000nam a2200000 4500
001 c001343
005 20221214090616.9
020 |a 80-85603-07-1 
041 0 |a cze 
044 |a CZ 
245 1 0 |a Společné podnikání se zahraničním partnerem  |c Leo Vodáček, Olga Vodáčková 
250 |a 1. vyd. 
264 1 |a Praha  |b Management Press  |c 1992 
300 |a 91 s. 
610 2 0 |a hospodárstvo trhové 
610 2 0 |a zmluvy o spolupráci 
610 2 0 |a kooperácia výroby 
610 2 0 |a riadenie 
610 2 0 |a štruktúra organizačná 
610 2 0 |a stratégia podniková 
610 2 0 |a joint ventures 
100 1 |a Vodáček, Leo 
700 1 |a Vodačkova, Ol'ga